[Event "Russian Championship (Rapid, Women)"]
[Site "Sochi"]
[Date "2018.10.06"]
[Round "8.11"]
[White "Bivol, Alina"]
[Black "Bykova, Anastasia"]
[Result "1/2-1/2"]
[BlackElo "2170"]
[WhiteElo "2322"]
[LiveChessVersion "1.4.8"]

1. Nf3 {[%clk 0:15:19]} d5 {[%clk 0:15:19]} 2. g3 {[%clk 0:15:28]} Nf6
{[%clk 0:15:28]} 3. Bg2 {[%clk 0:15:36]} c6 {[%clk 0:15:37]} 4. O-O
{[%clk 0:15:44]} Bg4 {[%clk 0:15:47]} 5. d3 {[%clk 0:15:53]} Nbd7
{[%clk 0:15:54]} 6. h3 {[%clk 0:16:01]} Bh5 {[%clk 0:16:03]} 7. Qe1
{[%clk 0:16:10]} e5 {[%clk 0:16:10]} 8. e4 {[%clk 0:16:19]} dxe4 {[%clk 0:15:00]}
9. dxe4 {[%clk 0:16:28]} Be7 {[%clk 0:15:09]} 10. Nh4 {[%clk 0:16:25]} O-O
{[%clk 0:14:59]} 11. Nd2 {[%clk 0:16:20]} Re8 {[%clk 0:14:54]} 12. Nc4
{[%clk 0:16:26]} Qc7 {[%clk 0:14:50]} 13. f4 {[%clk 0:15:56]} b5 {[%clk 0:12:42]}
14. Nxe5 {[%clk 0:14:31]} Nxe5 {[%clk 0:12:46]} 15. fxe5 {[%clk 0:14:39]} Qxe5
{[%clk 0:12:34]} 16. Rf5 {[%clk 0:14:21]} Qe6 {[%clk 0:08:59]} 17. Bf4
{[%clk 0:13:58]} Bg6 {[%clk 0:08:38]} 18. Re5 {[%clk 0:14:02]} Qc4
{[%clk 0:08:33]} 19. Nxg6 {[%clk 0:12:32]} hxg6 {[%clk 0:08:28]} 20. c3
{[%clk 0:11:11]} Bc5+ {[%clk 0:08:20]} 21. Kh2 {[%clk 0:11:10]} Rxe5
{[%clk 0:08:17]} 22. Bxe5 {[%clk 0:11:19]} Re8 {[%clk 0:07:47]} 23. Bxf6
{[%clk 0:11:12]} gxf6 {[%clk 0:07:55]} 24. Qd2 {[%clk 0:11:18]} Kg7
{[%clk 0:07:24]} 25. b3 {[%clk 0:10:49]} Qe6 {[%clk 0:07:25]} 26. Rd1
{[%clk 0:10:53]} Bb6 {[%clk 0:06:53]} 27. Qf4 {[%clk 0:09:36]} Qe5
{[%clk 0:05:42]} 28. Qxe5 {[%clk 0:09:32]} Rxe5 {[%clk 0:05:40]} 29. Rd3
{[%clk 0:08:19]} Kf8 {[%clk 0:05:05]} 30. Bf3 {[%clk 0:08:21]} Ke7
{[%clk 0:04:22]} 31. h4 {[%clk 0:08:10]} Re6 {[%clk 0:03:48]} 32. g4
{[%clk 0:07:43]} Rd6 {[%clk 0:02:52]} 33. Rxd6 {[%clk 0:07:51]} Kxd6
{[%clk 0:03:01]} 34. h5 {[%clk 0:08:00]} Be3 {[%clk 0:02:50]} 35. Kg3
{[%clk 0:07:57]} Ke5 {[%clk 0:02:55]} 36. Bg2 {[%clk 0:07:57]} Bd2
{[%clk 0:02:48]} 37. Kf3 {[%clk 0:07:08]} c5 {[%clk 0:02:42]} 38. Bf1
{[%clk 0:06:58]} a6 {[%clk 0:01:56]} 39. a4 {[%clk 0:06:52]} gxh5
{[%clk 0:01:03]} 40. gxh5 {[%clk 0:06:58]} f5 {[%clk 0:00:58]} 41. exf5
{[%clk 0:06:16]} Kxf5 {[%clk 0:01:01]} 42. Bxb5 {[%clk 0:02:10]} axb5
{[%clk 0:00:28]} 43. a5 {[%clk 0:02:19]} c4 {[%clk 0:00:13]} 44. a6
{[%clk 0:01:31]} cxb3 {[%clk 0:00:22]} 45. a7 {[%clk 0:01:40]} b2
{[%clk 0:00:31]} 46. a8=Q {[%clk 0:01:45]} b1=Q {[%clk 0:00:39]} 47. Qd5+
{[%clk 0:01:50]} Kf6 {[%clk 0:00:49]} 48. Qxd2 {[%clk 0:01:11]} Qh1+
{[%clk 0:00:47]} 49. Kg4 {[%clk 0:00:31]} Qg1+ {[%clk 0:00:54]} 50. Kh4
{[%clk 0:00:30]} Qh1+ {[%clk 0:00:57]} 51. Kg4 {[%clk 0:00:34]} Qg1+
{[%clk 0:00:59]} 52. Kh4 {[%clk 0:00:20]} Qh1+ {[%clk 0:01:08]} 53. Kg4
{[%clk 0:00:26]} Qg1+ {[%clk 0:01:17]} 54. Kf3 {[%clk 0:00:28]} Qh1+
{[%clk 0:01:24]} 55. Kg4 {[%clk 0:00:29]} Qg1+ {[%clk 0:01:33]} 56. Kh4 1/2-1/2

[Event "Russian Championship (Rapid, Women)"]
[Site "Sochi"]
[Date "2018.10.06"]
[Round "8.12"]
[White "Maletina, Tatiana"]
[Black "Vinokur, Yuliya"]
[Result "1-0"]
[BlackElo "2069"]
[WhiteElo "2246"]
[LiveChessVersion "1.4.8"]

1. d4 {[%clk 0:15:19]} d5 {[%clk 0:15:15]} 2. c4 {[%clk 0:15:27]} e6
{[%clk 0:15:23]} 3. Nf3 {[%clk 0:15:36]} c5 {[%clk 0:15:32]} 4. cxd5
{[%clk 0:15:43]} exd5 {[%clk 0:15:40]} 5. Nc3 {[%clk 0:15:51]} Nc6
{[%clk 0:15:48]} 6. g3 {[%clk 0:15:38]} Nf6 {[%clk 0:15:56]} 7. Bg2
{[%clk 0:15:45]} Be7 {[%clk 0:16:04]} 8. O-O {[%clk 0:15:47]} O-O
{[%clk 0:16:11]} 9. Bg5 {[%clk 0:15:54]} c4 {[%clk 0:16:19]} 10. Ne5
{[%clk 0:15:26]} Be6 {[%clk 0:16:28]} 11. e3 {[%clk 0:14:39]} h6 {[%clk 0:16:28]}
12. Bxf6 {[%clk 0:14:47]} Bxf6 {[%clk 0:16:36]} 13. f4 {[%clk 0:14:56]} Bxe5
{[%clk 0:08:46]} 14. fxe5 {[%clk 0:14:14]} Qg5 {[%clk 0:08:26]} 15. Rf4
{[%clk 0:13:31]} Rad8 {[%clk 0:08:11]} 16. Qf3 {[%clk 0:13:29]} Qg6
{[%clk 0:07:21]} 17. Qf2 {[%clk 0:13:30]} Nb4 {[%clk 0:05:33]} 18. Bf1
{[%clk 0:12:48]} a6 {[%clk 0:05:18]} 19. a3 {[%clk 0:12:26]} Nc6 {[%clk 0:05:27]}
20. Bg2 {[%clk 0:12:26]} b5 {[%clk 0:05:35]} 21. e4 {[%clk 0:12:30]} Ne7
{[%clk 0:04:56]} 22. Rf1 {[%clk 0:11:02]} dxe4 {[%clk 0:04:02]} 23. Bxe4
{[%clk 0:10:49]} Qh5 {[%clk 0:04:10]} 24. Bf3 {[%clk 0:08:16]} Qg6
{[%clk 0:04:16]} 25. Qg2 {[%clk 0:06:57]} Qd3 {[%clk 0:02:40]} 26. Rd1
{[%clk 0:06:36]} Qe3+ {[%clk 0:02:49]} 27. Kh1 {[%clk 0:06:45]} Ng6
{[%clk 0:02:27]} 28. Re4 {[%clk 0:06:46]} Qg5 {[%clk 0:02:36]} 29. h4
{[%clk 0:06:38]} Qe7 {[%clk 0:02:26]} 30. h5 {[%clk 0:06:46]} Nh8
{[%clk 0:02:05]} 31. Rf4 {[%clk 0:05:52]} b4 {[%clk 0:01:30]} 32. axb4
{[%clk 0:05:56]} Qxb4 {[%clk 0:01:38]} 33. d5 {[%clk 0:06:04]} Qxb2
{[%clk 0:01:31]} 34. Qxb2 {[%clk 0:06:11]} 1-0

[Event "Russian Championship (Rapid, Women)"]
[Site "Sochi"]
[Date "2018.10.06"]
[Round "9.1"]
[White "Bodnaruk, Anastasia"]
[Black "Ambartsumova, Karina"]
[Result "0-1"]
[BlackElo "2327"]
[WhiteElo "2479"]
[LiveChessVersion "1.4.8"]

1. e4 {[%clk 0:15:19]} e5 {[%clk 0:15:16]} 2. Nf3 {[%clk 0:15:27]} Nc6
{[%clk 0:15:24]} 3. Bc4 {[%clk 0:15:25]} Bc5 {[%clk 0:15:07]} 4. O-O
{[%clk 0:15:01]} Nf6 {[%clk 0:14:42]} 5. d3 O-O {[%clk 0:14:27]} 6. c3
{[%clk 0:14:55]} d5 {[%clk 0:13:09]} 7. exd5 {[%clk 0:15:01]} Nxd5
{[%clk 0:13:18]} 8. b4 {[%clk 0:12:26]} Be7 {[%clk 0:12:42]} 9. b5
{[%clk 0:11:06]} Na5 {[%clk 0:12:46]} 10. Bxd5 {[%clk 0:11:14]} Qxd5
{[%clk 0:12:51]} 11. c4 {[%clk 0:11:23]} Qe6 {[%clk 0:11:14]} 12. Re1
{[%clk 0:10:33]} f6 {[%clk 0:09:47]} 13. Nc3 {[%clk 0:10:10]} b6 {[%clk 0:08:50]}
14. Nd5 {[%clk 0:08:12]} Bd6 {[%clk 0:08:34]} 15. Bd2 {[%clk 0:05:24]} Bb7
{[%clk 0:07:16]} 16. Bxa5 {[%clk 0:05:01]} bxa5 {[%clk 0:07:20]} 17. Nc3
{[%clk 0:04:24]} Rad8 {[%clk 0:05:38]} 18. Qe2 {[%clk 0:02:51]} Bb4
{[%clk 0:05:04]} 19. Rac1 {[%clk 0:03:00]} Qf5 {[%clk 0:02:00]} 20. Red1
{[%clk 0:03:03]} Bxc3 {[%clk 0:01:57]} 21. Rxc3 {[%clk 0:03:12]} c5
{[%clk 0:01:09]} 22. Nd2 {[%clk 0:01:50]} Rd4 {[%clk 0:00:48]} 23. f3
{[%clk 0:01:39]} a4 {[%clk 0:00:29]} 24. Ne4 {[%clk 0:01:21]} Bxe4
{[%clk 0:00:29]} 25. fxe4 {[%clk 0:01:18]} Qd7 {[%clk 0:00:29]} 26. Ra3
{[%clk 0:00:35]} a6 {[%clk 0:00:15]} 27. bxa6 {[%clk 0:00:17]} Rd6
{[%clk 0:00:14]} 28. Qe3 {[%clk 0:00:16]} Rc8 {[%clk 0:00:22]} 29. Rb1
{[%clk 0:00:19]} Rxa6 {[%clk 0:00:28]} 30. Rb5 {[%clk 0:00:28]} Qd4
{[%clk 0:00:30]} 31. Qxd4 {[%clk 0:00:26]} exd4 {[%clk 0:00:38]} 32. Rb7
{[%clk 0:00:19]} Kf8 {[%clk 0:00:25]} 33. Kf2 {[%clk 0:00:28]} Re8
{[%clk 0:00:17]} 34. Kf3 {[%clk 0:00:23]} Re7 {[%clk 0:00:21]} 35. Rb5
{[%clk 0:00:19]} Rc7 {[%clk 0:00:29]} 36. Kf4 {[%clk 0:00:23]} Ke7
{[%clk 0:00:26]} 37. Rb8 {[%clk 0:00:22]} Kd6 {[%clk 0:00:23]} 38. h4
{[%clk 0:00:15]} Kc6 {[%clk 0:00:18]} 39. g4 {[%clk 0:00:16]} Rb7
{[%clk 0:00:23]} 40. Rc8+ {[%clk 0:00:19]} Kb6 {[%clk 0:00:28]} 41. g5
{[%clk 0:00:16]} Ka5 {[%clk 0:00:30]} 42. Rxc5+ {[%clk 0:00:14]} Kb4
{[%clk 0:00:40]} 43. Rd5 {[%clk 0:00:16]} Kxa3 {[%clk 0:00:46]} 44. Rxd4
{[%clk 0:00:23]} Kxa2 {[%clk 0:00:54]} 45. c5 {[%clk 0:00:32]} a3
{[%clk 0:00:57]} 46. Rc4 {[%clk 0:00:41]} Kb3 {[%clk 0:01:04]} 47. Rc1
{[%clk 0:00:37]} a2 {[%clk 0:01:13]} 48. d4 {[%clk 0:00:42]} a1=Q
{[%clk 0:01:05]} 49. Rxa1 {[%clk 0:00:50]} Rxa1 {[%clk 0:01:14]} 50. gxf6
{[%clk 0:00:55]} gxf6 {[%clk 0:01:21]} 51. d5 {[%clk 0:01:04]} Rf1+
{[%clk 0:01:24]} 52. Ke3 {[%clk 0:01:00]} Kc4 {[%clk 0:01:27]} 53. c6
{[%clk 0:01:09]} Rc7 {[%clk 0:01:30]} 0-1

[Event "Russian Championship (Rapid, Women)"]
[Site "Sochi"]
[Date "2018.10.06"]
[Round "9.2"]
[White "Drozdova, Dina"]
[Black "Guseva, Marina"]
[Result "0-1"]
[BlackElo "2320"]
[WhiteElo "2206"]
[LiveChessVersion "1.4.8"]

1. d4 {[%clk 0:15:18]} d5 {[%clk 0:15:19]} 2. c4 {[%clk 0:15:26]} e6
{[%clk 0:15:13]} 3. Nc3 {[%clk 0:15:24]} Nf6 {[%clk 0:15:20]} 4. Bg5
{[%clk 0:15:30]} Be7 {[%clk 0:15:25]} 5. e3 {[%clk 0:15:31]} O-O {[%clk 0:15:27]}
6. Nf3 {[%clk 0:15:38]} h6 {[%clk 0:15:25]} 7. Bh4 {[%clk 0:15:46]} b6
{[%clk 0:15:34]} 8. Rc1 {[%clk 0:15:52]} Bb7 {[%clk 0:15:40]} 9. cxd5
{[%clk 0:15:11]} exd5 {[%clk 0:15:40]} 10. Bg3 {[%clk 0:13:59]} c5
{[%clk 0:12:50]} 11. dxc5 {[%clk 0:11:10]} bxc5 {[%clk 0:12:57]} 12. Bd3
{[%clk 0:11:18]} Nbd7 {[%clk 0:11:11]} 13. O-O {[%clk 0:11:20]} Nh5
{[%clk 0:10:50]} 14. Qe2 {[%clk 0:07:23]} Nxg3 {[%clk 0:10:37]} 15. hxg3
{[%clk 0:07:32]} Qb6 {[%clk 0:07:06]} 16. Rfd1 {[%clk 0:07:03]} Rfd8
{[%clk 0:07:03]} 17. Bb1 {[%clk 0:05:16]} Nf6 {[%clk 0:05:55]} 18. Nh4
{[%clk 0:05:08]} Bf8 {[%clk 0:05:46]} 19. Qb5 {[%clk 0:02:39]} Bc6
{[%clk 0:04:10]} 20. Qxb6 {[%clk 0:01:40]} axb6 {[%clk 0:04:18]} 21. Nf3
{[%clk 0:01:32]} g6 {[%clk 0:03:28]} 22. Bd3 {[%clk 0:00:39]} Bg7
{[%clk 0:03:33]} 23. a3 {[%clk 0:00:32]} Ne4 {[%clk 0:03:25]} 24. Bxe4
{[%clk 0:00:20]} dxe4 {[%clk 0:03:34]} 25. Ne1 {[%clk 0:00:23]} Bxc3
{[%clk 0:02:31]} 26. Rxd8+ {[%clk 0:00:15]} Rxd8 {[%clk 0:02:40]} 27. bxc3
{[%clk 0:00:24]} Rd2 {[%clk 0:02:47]} 28. g4 {[%clk 0:00:28]} Ra2
{[%clk 0:02:46]} 29. c4 {[%clk 0:00:30]} Rxa3 {[%clk 0:02:49]} 30. Kh2
{[%clk 0:00:38]} Bd7 {[%clk 0:02:33]} 31. Kg3 {[%clk 0:00:46]} g5
{[%clk 0:02:39]} 32. Rb1 {[%clk 0:00:38]} Rc3 {[%clk 0:02:40]} 33. f3
{[%clk 0:00:18]} exf3 {[%clk 0:02:28]} 34. Nxf3 {[%clk 0:00:17]} Be6
{[%clk 0:02:20]} 35. Rxb6 {[%clk 0:00:24]} Rxe3 {[%clk 0:02:14]} 36. Rc6
{[%clk 0:00:30]} Re4 {[%clk 0:02:21]} 37. Rxc5 {[%clk 0:00:38]} Rxg4+
{[%clk 0:02:30]} 38. Kf2 {[%clk 0:00:47]} Rxc4 {[%clk 0:02:22]} 39. Ra5
{[%clk 0:00:55]} Kg7 {[%clk 0:02:22]} 40. Kg3 {[%clk 0:01:00]} f6
{[%clk 0:02:20]} 41. Nd2 {[%clk 0:00:51]} Rc3+ {[%clk 0:02:27]} 42. Kh2
{[%clk 0:01:00]} Rd3 {[%clk 0:02:33]} 43. Ne4 {[%clk 0:01:09]} Bd5
{[%clk 0:02:18]} 44. Ng3 {[%clk 0:01:11]} Kg6 {[%clk 0:02:13]} 45. Nf1
{[%clk 0:01:09]} h5 {[%clk 0:02:12]} 46. Rb5 {[%clk 0:01:11]} h4 {[%clk 0:02:14]}
47. Rb2 {[%clk 0:01:19]} g4 {[%clk 0:02:00]} 48. Re2 {[%clk 0:01:19]} f5
{[%clk 0:01:23]} 49. Ne3 {[%clk 0:01:15]} Kg5 {[%clk 0:01:23]} 50. Nc2
{[%clk 0:00:59]} Be4 {[%clk 0:01:25]} 51. Ne1 {[%clk 0:01:00]} Rc3
{[%clk 0:01:12]} 52. Rb2 {[%clk 0:00:56]} Re3 {[%clk 0:01:10]} 0-1

[Event "Russian Championship (Rapid, Women)"]
[Site "Sochi"]
[Date "2018.10.06"]
[Round "9.3"]
[White "Tomilova, Elena"]
[Black "Voit, Daria"]
[Result "0-1"]
[BlackElo "2355"]
[WhiteElo "2275"]
[LiveChessVersion "1.4.8"]

1. e4 {[%clk 0:15:19]} c5 {[%clk 0:15:18]} 2. Nc3 {[%clk 0:15:23]} g6
{[%clk 0:15:06]} 3. f4 {[%clk 0:15:23]} Bg7 {[%clk 0:15:14]} 4. Nf3
{[%clk 0:15:31]} Nc6 {[%clk 0:15:23]} 5. g3 {[%clk 0:15:22]} e6 {[%clk 0:15:31]}
6. Bg2 {[%clk 0:15:30]} Nge7 {[%clk 0:15:37]} 7. O-O {[%clk 0:15:36]} d5
{[%clk 0:15:40]} 8. d3 {[%clk 0:15:20]} O-O {[%clk 0:15:42]} 9. Kh1
{[%clk 0:14:56]} b6 {[%clk 0:14:46]} 10. Qe1 {[%clk 0:14:45]} Bb7
{[%clk 0:14:41]} 11. g4 Nd4 {[%clk 0:09:39]} 12. Qf2 {[%clk 0:14:00]} dxe4
{[%clk 0:09:26]} 13. dxe4 {[%clk 0:13:31]} Nec6 {[%clk 0:08:56]} 14. Be3
{[%clk 0:12:16]} Nxf3 {[%clk 0:08:55]} 15. Bxf3 {[%clk 0:12:01]} Nd4
{[%clk 0:09:02]} 16. Bg2 {[%clk 0:11:26]} Qe7 {[%clk 0:08:35]} 17. Rae1
{[%clk 0:10:00]} Rad8 {[%clk 0:08:21]} 18. f5 {[%clk 0:08:25]} Bf6
{[%clk 0:07:57]} 19. Bh6 {[%clk 0:06:41]} Qc7 {[%clk 0:05:54]} 20. Bxf8
{[%clk 0:05:45]} Rxf8 {[%clk 0:06:02]} 21. Nd1 {[%clk 0:04:28]} Ba6
{[%clk 0:05:14]} 22. Rg1 {[%clk 0:04:18]} Be5 {[%clk 0:05:21]} 23. c3
{[%clk 0:04:15]} Nc6 {[%clk 0:05:20]} 24. Qh4 {[%clk 0:04:13]} Qd8
{[%clk 0:04:42]} 25. g5 {[%clk 0:04:05]} Qd2 {[%clk 0:04:17]} 26. f6
{[%clk 0:03:59]} Qf4 {[%clk 0:04:17]} 27. Qh6 {[%clk 0:03:57]} Bxf6
{[%clk 0:04:24]} 28. Bh3 {[%clk 0:02:53]} Bg7 {[%clk 0:04:21]} 0-1

[Event "Russian Championship (Rapid, Women)"]
[Site "Sochi"]
[Date "2018.10.06"]
[Round "9.4"]
[White "Kashlinskaya, Alina"]
[Black "Dordzhieva, Dinara"]
[Result "0-1"]
[BlackElo "2248"]
[WhiteElo "2353"]
[LiveChessVersion "1.4.8"]

1. d4 {[%clk 0:15:18]} d5 {[%clk 0:11:28]} 2. c4 {[%clk 0:15:26]} e6
{[%clk 0:11:36]} 3. Nc3 {[%clk 0:15:32]} Nf6 {[%clk 0:11:44]} 4. cxd5
{[%clk 0:15:35]} exd5 {[%clk 0:11:52]} 5. Bg5 {[%clk 0:15:43]} Be7
{[%clk 0:12:01]} 6. e3 {[%clk 0:15:31]} c6 {[%clk 0:12:09]} 7. Qc2
{[%clk 0:15:32]} Nbd7 {[%clk 0:12:15]} 8. Bd3 {[%clk 0:15:39]} Nh5
{[%clk 0:12:24]} 9. Bxe7 {[%clk 0:15:31]} Qxe7 {[%clk 0:12:32]} 10. O-O-O
{[%clk 0:15:34]} g6 {[%clk 0:12:38]} 11. Nf3 {[%clk 0:15:23]} Nb6
{[%clk 0:12:34]} 12. h3 {[%clk 0:15:29]} Ng7 {[%clk 0:12:39]} 13. g4
{[%clk 0:15:24]} Be6 {[%clk 0:12:30]} 14. Kb1 {[%clk 0:15:27]} O-O-O
{[%clk 0:12:35]} 15. Rc1 {[%clk 0:15:19]} Kb8 {[%clk 0:12:43]} 16. Na4
{[%clk 0:15:22]} Nxa4 {[%clk 0:11:43]} 17. Qxa4 {[%clk 0:15:31]} Ne8
{[%clk 0:11:51]} 18. Rc3 {[%clk 0:15:06]} Nd6 {[%clk 0:10:09]} 19. Rhc1
{[%clk 0:15:10]} Bd7 {[%clk 0:09:14]} 20. Ra3 {[%clk 0:13:28]} Nc8
{[%clk 0:09:23]} 21. Rb3 {[%clk 0:13:17]} c5 {[%clk 0:08:21]} 22. Qa3
{[%clk 0:13:24]} c4 {[%clk 0:08:04]} 23. Ne5 {[%clk 0:09:27]} Qxa3
{[%clk 0:07:16]} 24. Rxa3 {[%clk 0:09:35]} cxd3 {[%clk 0:07:24]} 25. Nxf7
{[%clk 0:09:41]} Bb5 {[%clk 0:07:16]} 26. Rc5 {[%clk 0:07:12]} Bc4
{[%clk 0:05:39]} 27. b3 {[%clk 0:06:57]} b6 {[%clk 0:03:46]} 28. Rxc4
{[%clk 0:05:57]} dxc4 {[%clk 0:02:36]} 29. bxc4 {[%clk 0:06:06]} Nd6
{[%clk 0:02:34]} 30. Nxh8 {[%clk 0:06:14]} Rxh8 {[%clk 0:01:53]} 31. Rxd3
{[%clk 0:05:49]} Nxc4 {[%clk 0:02:02]} 32. Kc2 {[%clk 0:04:45]} Rf8
{[%clk 0:02:10]} 33. Kc3 {[%clk 0:04:37]} b5 {[%clk 0:01:52]} 34. Kb4
{[%clk 0:04:30]} a6 {[%clk 0:01:09]} 35. a4 {[%clk 0:03:18]} Nb2 {[%clk 0:01:14]}
36. Rc3 {[%clk 0:03:27]} Nxa4 {[%clk 0:01:16]} 37. Rc6 {[%clk 0:03:36]} Kb7
{[%clk 0:01:20]} 38. Re6 {[%clk 0:03:45]} Rxf2 {[%clk 0:00:27]} 39. Re7+
{[%clk 0:02:56]} Kb6 {[%clk 0:00:33]} 40. Re6+ {[%clk 0:03:04]} Kb7
{[%clk 0:00:42]} 41. Re7+ Kc6 42. Rxh7 {[%clk 0:03:22]} Rb2+ {[%clk 0:00:49]} 43.
Ka3 {[%clk 0:03:31]} Re2 {[%clk 0:00:45]} 44. Re7 {[%clk 0:03:26]} a5
{[%clk 0:00:49]} 45. Re6+ {[%clk 0:03:22]} Kd5 {[%clk 0:00:58]} 46. Rxg6
{[%clk 0:03:28]} Rxe3+ {[%clk 0:01:06]} 47. Ka2 {[%clk 0:03:38]} Rxh3
{[%clk 0:01:06]} 48. Ra6 {[%clk 0:03:47]} Rh2+ {[%clk 0:01:02]} 49. Ka3
{[%clk 0:03:48]} Rh3+ {[%clk 0:00:37]} 50. Ka2 {[%clk 0:03:57]} Nc3+
{[%clk 0:00:45]} 51. Kb2 {[%clk 0:04:05]} a4 {[%clk 0:00:53]} 52. g5
{[%clk 0:04:06]} Kxd4 53. g6 Rh2+ {[%clk 0:01:05]} 54. Kc1 {[%clk 0:04:11]} Ne2+
{[%clk 0:01:07]} 55. Kd1 {[%clk 0:04:13]} Rg2 {[%clk 0:01:04]} 56. g7
{[%clk 0:04:05]} Nc3+ {[%clk 0:01:13]} 57. Kc1 {[%clk 0:04:13]} Rxg7
{[%clk 0:01:20]} 58. Rd6+ {[%clk 0:04:21]} Kc5 {[%clk 0:01:29]} 59. Rd3
{[%clk 0:04:29]} b4 {[%clk 0:01:37]} 0-1

[Event "Russian Championship (Rapid, Women)"]
[Site "Sochi"]
[Date "2018.10.06"]
[Round "9.5"]
[White "Shuvalova, Polina"]
[Black "Kovanova, Baira"]
[Result "1-0"]
[BlackElo "2317"]
[WhiteElo "2342"]
[LiveChessVersion "1.4.8"]

1. e4 {[%clk 0:15:17]} e5 {[%clk 0:15:19]} 2. Nf3 {[%clk 0:15:26]} Nc6
{[%clk 0:15:28]} 3. Bb5 {[%clk 0:15:31]} a6 {[%clk 0:15:37]} 4. Ba4
{[%clk 0:15:39]} Nf6 {[%clk 0:15:44]} 5. O-O {[%clk 0:15:47]} Be7
{[%clk 0:15:52]} 6. Re1 {[%clk 0:15:54]} b5 {[%clk 0:16:00]} 7. Bb3
{[%clk 0:16:03]} d6 {[%clk 0:16:08]} 8. c3 {[%clk 0:16:12]} O-O {[%clk 0:16:16]}
9. h3 {[%clk 0:16:21]} Bb7 {[%clk 0:15:41]} 10. d4 {[%clk 0:16:29]} Nd7
{[%clk 0:15:44]} 11. Nbd2 {[%clk 0:16:17]} exd4 {[%clk 0:15:51]} 12. cxd4
{[%clk 0:16:24]} Bf6 {[%clk 0:15:59]} 13. Nf1 {[%clk 0:16:15]} Na5
{[%clk 0:16:05]} 14. Bc2 {[%clk 0:16:22]} Re8 {[%clk 0:16:13]} 15. Rb1
{[%clk 0:16:23]} g6 {[%clk 0:14:48]} 16. b3 {[%clk 0:16:00]} c5 {[%clk 0:14:17]}
17. d5 {[%clk 0:15:58]} Bc8 {[%clk 0:11:27]} 18. N3h2 {[%clk 0:15:49]} Bg7
{[%clk 0:10:20]} 19. f4 {[%clk 0:15:17]} b4 {[%clk 0:10:00]} 20. Nf3
{[%clk 0:14:23]} Rb8 {[%clk 0:09:45]} 21. Ne3 {[%clk 0:13:52]} Nb6
{[%clk 0:08:38]} 22. Bd3 {[%clk 0:13:37]} Bd7 {[%clk 0:07:52]} 23. Nc4
{[%clk 0:12:41]} Naxc4 {[%clk 0:07:52]} 24. Bxc4 {[%clk 0:11:11]} Nxc4
{[%clk 0:08:00]} 25. bxc4 {[%clk 0:11:19]} Qa5 {[%clk 0:06:18]} 26. Re2
{[%clk 0:10:26]} Re7 {[%clk 0:04:46]} 27. Bb2 {[%clk 0:09:57]} f6
{[%clk 0:04:49]} 28. Qd3 {[%clk 0:08:59]} Rbe8 {[%clk 0:04:52]} 29. Rbe1
{[%clk 0:09:05]} Qa4 {[%clk 0:03:50]} 30. Kh1 {[%clk 0:08:51]} Rb8
{[%clk 0:03:53]} 31. e5 {[%clk 0:08:32]} fxe5 {[%clk 0:03:49]} 32. fxe5
{[%clk 0:08:38]} Bf5 {[%clk 0:03:51]} 33. Qb3 {[%clk 0:06:37]} Qe8
{[%clk 0:02:44]} 34. e6 {[%clk 0:06:07]} Bxb2 {[%clk 0:02:24]} 35. Rxb2
{[%clk 0:06:16]} a5 {[%clk 0:01:36]} 36. g4 {[%clk 0:05:59]} Bxe6
{[%clk 0:01:36]} 37. Rbe2 {[%clk 0:05:32]} a4 {[%clk 0:01:35]} 38. Qd3
{[%clk 0:05:29]} b3 {[%clk 0:01:22]} 39. dxe6 {[%clk 0:05:25]} bxa2
{[%clk 0:01:08]} 40. Rxa2 {[%clk 0:04:17]} Rb3 {[%clk 0:01:16]} 41. Qd5
{[%clk 0:04:19]} a3 {[%clk 0:01:19]} 42. Ng5 {[%clk 0:03:58]} Qf8
{[%clk 0:00:47]} 43. Nf7 {[%clk 0:02:55]} Qg7 {[%clk 0:00:42]} 44. Qxd6
{[%clk 0:02:44]} Re8 {[%clk 0:00:20]} 45. Qe5 {[%clk 0:01:58]} Rxh3+
{[%clk 0:00:22]} 46. Kg2 {[%clk 0:02:03]} Rc3 {[%clk 0:00:29]} 47. Nd6
{[%clk 0:01:48]} Re7 {[%clk 0:00:22]} 48. Nc8 {[%clk 0:01:46]} Re8
{[%clk 0:00:21]} 49. e7 {[%clk 0:01:51]} Rd3 {[%clk 0:00:16]} 50. Qe6+
{[%clk 0:01:01]} Qf7 {[%clk 0:00:17]} 51. Nd6 {[%clk 0:00:46]} Rxd6
{[%clk 0:00:17]} 52. Qxd6 {[%clk 0:00:53]} 1-0

[Event "Russian Championship (Rapid, Women)"]
[Site "Sochi"]
[Date "2018.10.06"]
[Round "9.6"]
[White "Potapova, Margarita"]
[Black "Maletina, Tatiana"]
[Result "1/2-1/2"]
[BlackElo "2246"]
[WhiteElo "2151"]
[LiveChessVersion "1.4.8"]

1. d4 {[%clk 0:15:18]} d5 {[%clk 0:15:19]} 2. c4 {[%clk 0:15:27]} c6
{[%clk 0:15:28]} 3. Nc3 {[%clk 0:15:35]} Nf6 {[%clk 0:15:37]} 4. cxd5
{[%clk 0:15:44]} cxd5 {[%clk 0:15:45]} 5. Bf4 {[%clk 0:15:52]} Nc6
{[%clk 0:15:54]} 6. e3 {[%clk 0:16:01]} Bg4 {[%clk 0:15:56]} 7. Qb3
{[%clk 0:15:44]} Na5 {[%clk 0:16:05]} 8. Qa4+ {[%clk 0:15:48]} Bd7
{[%clk 0:16:13]} 9. Qc2 {[%clk 0:15:57]} Rc8 {[%clk 0:16:21]} 10. Nf3
{[%clk 0:15:56]} e6 {[%clk 0:16:20]} 11. Bd3 {[%clk 0:16:03]} Nc4
{[%clk 0:16:26]} 12. O-O {[%clk 0:15:58]} Bb4 {[%clk 0:16:00]} 13. Rfc1
{[%clk 0:15:41]} h6 {[%clk 0:15:31]} 14. Ne5 {[%clk 0:14:59]} O-O
{[%clk 0:15:19]} 15. Qe2 {[%clk 0:14:30]} Nd6 {[%clk 0:14:03]} 16. Qf3
{[%clk 0:13:25]} Bxc3 {[%clk 0:12:02]} 17. bxc3 {[%clk 0:13:22]} Bb5
{[%clk 0:11:54]} 18. Bxb5 {[%clk 0:11:44]} Nxb5 {[%clk 0:12:02]} 19. c4
{[%clk 0:11:37]} Nd6 {[%clk 0:08:19]} 20. cxd5 {[%clk 0:11:33]} Nxd5
{[%clk 0:08:05]} 21. Nd3 {[%clk 0:09:35]} Nxf4 {[%clk 0:06:54]} 22. Nxf4
{[%clk 0:09:41]} Qa5 {[%clk 0:06:39]} 23. Rd1 {[%clk 0:06:26]} Rc2
{[%clk 0:06:33]} 24. Nh5 {[%clk 0:05:47]} Qf5 {[%clk 0:03:18]} 25. Qxf5
{[%clk 0:05:32]} exf5 {[%clk 0:03:22]} 26. Nf4 {[%clk 0:04:53]} Rfc8
{[%clk 0:03:15]} 27. Nd3 {[%clk 0:04:58]} R8c3 {[%clk 0:03:04]} 28. Nb4
{[%clk 0:04:13]} Rb2 {[%clk 0:03:05]} 29. Nd3 {[%clk 0:04:13]} Rbc2
{[%clk 0:01:50]} 30. Nb4 {[%clk 0:03:55]} Rb2 {[%clk 0:01:54]} 31. Nd3
{[%clk 0:04:03]} Rbc2 {[%clk 0:01:45]} 32. Nb4 {[%clk 0:04:10]} Rb2
{[%clk 0:01:48]} 33. Nd3 {[%clk 0:04:18]} 1/2-1/2